000 01133cam a22003017a 4500
003 CHAP
005 20220329141421.0
008 971013s1984 r 00010 d
010 _a67811
011 _a68783
035 _a78257
040 _cCHAP
090 _aFolleto 10078
100 0 0 _aGuzmán Rodríguez, José Luis.
_952003
245 0 _aFrijol de humedad en el sur de Sinaloa
260 _aMazatlán, Sin. :
_bINIA. Campo Agrícola Experimental Sur de Sinaloa,
_c1984
300 _a16 p.
_b: ilus.
490 0 _aINIFAP. Centro de Investigaciones Forestales y Agropecuarias Comarca Lagunera. Folleto para productores
_v; 3
590 _aBATCH-UPD
_b10
_c20130110
_lUCH01
_h0934
590 _aBATCH-UPD
_b10
_c20130410
_lUCH01
_h0552
590 _aBATCH-UPD
_b10
_c20130914
_lUCH01
_h1442
590 _aCONVERSION
_b10
_c20130109
_lUCH01
_h1337
650 1 4 _aFrijol
_xContenido de humedad.
_943352
830 0 _aINIFAP. Centro de Investigaciones Forestales y Agropecuarias Comarca Lagunera. Folleto para productores
_v; 3
_958697
901 _aBK
942 _cFOLL
949 _aFolleto 10078
_bBC
_cFOLL
_d-31131
_eTS1
_i78257
_mD
_si
999 _c67811
_d67811